Minecraft April Fools Quiz - Statistics

General Stats
  • This quiz has been taken 62 times
  • The average score is 11 of 18
Answer Stats
Hint Answer % Correct
Who is the current lead developer of Minecraft? Notch
84%
What is the only mob that can teleport? Enderman
83%
What is the rarest ore in Minecraft? Diamond
81%
What mob is based on the failed model of a creeper? Pig
79%
On what type of block does sugarcane grow the fastest? Sand
79%
What color of dye do white tulips produce when crafted? White
79%
What year was Minecraft's official release? 2009
78%
What video game caused Minecraft to die? Fortnite
72%
Who currently holds the world record for Minecraft speedruns? Dream
66%
In addition to shears, what other type of tool breaks wool faster? Sword
64%
Which Minecraft server invented BedWars? Hypixel
62%
What enchantment can only be obtained from trading with villagers? Mending
60%
What type of tool breaks blocks the fastest? Netherite
50%
What dimension existed in Minecraft before being replaced with the End? The Aether
45%
What type of rock was so famous in Minecraft that it was added into real life? Obsidian
36%
What is Mumbo Jumbo's real life job? Redstone
22%
What block was added to Minecraft just to be annoying? Gravel
21%
What is the most popular Minecraft mod? RLCraft
9%
No matching quizzes found
Score Distribution
Percent of People with Each Score
Percentile by Number Answered
Your Score History
You have not taken this quiz